| 000 | 00742nam a22002057a 4500 | ||
|---|---|---|---|
| 005 | 20231101123559.0 | ||
| 008 | 231101b ag ||||| |||| 00| 0 spa d | ||
| 020 | _a9789871074778 | ||
| 050 | 0 | 4 |
_aHX806 _bP37 2010 |
| 100 | 1 |
_aPastore, Maria, _d1966-, _eautor. |
|
| 245 | 1 |
_aLa utopía revolucionaria de los años 60’s _c / María Pastore |
|
| 260 |
_aBuenos Aires : _bEdiciones del Signo, _c2010 |
||
| 300 |
_a238 páginas ; _c20 cm |
||
| 490 | 0 | _aColección Razón política | |
| 650 | 7 |
_2lemb _aUtopías _xHistoria _ySiglo XX |
|
| 650 | 7 |
_2lemb _aUtopías _zArgentina _xHistoria _ySiglo XX |
|
| 650 | 7 |
_2lemb _aRevoluciones _xHistoria _ySiglo XX |
|
| 650 | 7 |
_2lemb _aRevoluciones _zArgentina _xHistoria _ySiglo XX |
|
| 942 |
_2lcc _cLIB |
||
| 999 |
_c168850 _d168848 |
||